000 00501nam a2200181Ia 4500
001 1102
005 20260306140607.0
008 260306t2004||||xx |||||||||||||| ||spa||
041 _aESP
082 _a180.03
_bO28
100 _aOcéano
_eAUT
245 0 _aAtlas Universal de Filosofía:
_bManual didáctico de autores, textos, escuelas y conceptos filosóficos
260 _c2004
300 _avii, 1035 páginas :
_c26 cm. il. col.
650 _aGEN
654 _aCHU
942 _cLIB
_dJUS
_fJUS
_2ddc
_n
999 _c1102
_d1102